000 00940nam a22001937a 4500
999 _c64444
_d64444
005 20251125233106.0
008 180829b th ||||| |||| 00| 0 tha d
040 _aNALT
050 _aDS578.32 ล219ร
245 1 0 _aรักคิด รักทำ...ของ ลักษณ์ วจนานวัช
260 3 _aกรุงเทพฯ :
_bธนาคารเพื่อการเกษตรและสหกรณ์การเกษตร,
_cม.ป.ป.
300 _a148 หน้า :
_b ภาพประกอบ ;
_c 21 ซม.
650 0 4 _aธนาคารเพื่อการเกษตรและสหกรณ์การเกษตร
650 0 4 _aลักษณ์ วจนานวัช -- ผลงาน
850 _aNALT
856 4 0 _uhttps://hdl.handle.net/20.500.14156/411729
_71
942 _cGB
_2lcc